| 000 | 00557nas a2200217 i 4500 | ||
|---|---|---|---|
| 001 | 173076 | ||
| 003 | ES-MaACL | ||
| 005 | 20250217134834.0 | ||
| 008 | 091027d1904190? | | ||pa d | ||
| 022 | _a1697-6355 | ||
| 080 | _a314.144(460) | ||
| 080 | _a314.9(460) | ||
| 245 | 0 | 0 | _aBoletín demográfico sanitario. |
| 260 |
_aMadrid : _bMinisterio de Gobernación, _c1904- |
||
| 300 |
_a3 v. ; _c28 cm. |
||
| 310 | _aSemestral | ||
| 362 | 0 | _a1904-190? | |
| 852 |
_aES-MaACL _jC-11976-78 |
||
| 866 | 0 | _o1904,1908,1909. | |
| 999 |
_c173076 _d173076 |
||